000 01528cab a2200433 4500
001 ABS49642
008 090401t1993 xxu||||| |||| 00| 0 eng d
035 _a(Sirsi) u72078
041 _aeng
100 _aChesman, G.
245 _aEasements - a review of some recent cases
260 _c1993
350 _a0
490 _aJournal of Planning and Environment Law
_vNovember 1993, 1012-1017(6)
520 _aIllustrates by reference to caselaw claims based on lost modern grant, claims under the Prescription Act 1832 and precription at common law.
650 _aATTORNEY GENERAL V BROTHERTON
650 _aBRITISH RAILWAYS BOARD V SOS ENVIRONMENT AND HOUSL
650 _aBULSTRODE V LAMBERT
650 _aEASEMENTS
650 _aGRAMPIAN CONDITIONS
650 _aGRAMPIAN RC V CITY OF ABERDEEN DC
650 _aHOLLINS V VERNEY
650 _aIDC GROUP LTD AND OTHERS V CLARK AND OTHERS
650 _aJALNARNE LTD AND ANOTHER V RIDEWOOD
650 _aJONES V PRICE AND MORGAN
650 _aLONDON AND SUBURBAN LAND AND BUILDING CO LTD V CAREY
650 _aLOST MODERN GRANT
650 _aMANJANG V DRAMMEH
650 _aMILLS AND ANOTHER V SILVER AND OTHERS
650 _aPRESCRIPTION ACT 1832
650 _aPWLLBACH COLLIERY CO LTD V WOODMAN
650 _aRIGHTS OF WAY
650 _aSTOKES V CAMBRIDGE CC
650 _aWHEELDON V BURROUGHS
650 _aWHITE V GRAND HOTEL EASTBOURNE LTD
690 _aHIGHWAYS RIGHTS OF WAY AND EASEMENTS
942 _n0
948 _c04/03/1997
999 _c45480
_d45480